000
00298nam a2200133Ia 4500
008
210210b1927 xxu||||| |||| 00| 0 eng d
082
_a
150/70
100
_a
McDOWALL, R.J.S.
245
_a
The mind.
260
_a
_b
Not Mentioned
_c
1927
650
_a
Mind
690
_a
Psychology
906
_a
001018
999
_c
77534
_d
77534